000 00253nam a2200097Ia 4500
001 765850
005 20250826165330.0
008 250824s9999 xx 000 0 und d
245 0 _aBLOG SAVAŞLARI
_cYASEMİN DERYA AKA
260 _bÇOCUK GEZEGENİ YAYINLARI
999 _c765850
_d765850